| 000 | 02176aam a2200325 i 4500 | ||
|---|---|---|---|
| 001 | 768714001 | ||
| 003 | CO-MdFUSB | ||
| 005 | 20210226121518.0 | ||
| 007 | ta | ||
| 008 | 210226t1984 nyuab||| |||| 00| 0 eng d | ||
| 020 | _a0191434523 | ||
| 040 |
_bspa. _aCO-MdFUSB _cCO-MdFUSB _dCO-MdFUSBC _erda |
||
| 041 | _aeng | ||
| 082 | 0 | 4 |
_223 _a220.9 _bM4661o |
| 245 | 1 | 0 |
_aOxford Bible atlas _c/ editado por Herbert G. May, |
| 250 | _aTercera edición | ||
| 264 | 1 |
_aNueva York : _bOxford University Press, _c[1984] |
|
| 264 | 4 | _c© 1984 | |
| 300 |
_a144 páginas _c; 26 cm |
||
| 336 |
_2rdacontent _atexto _btxt |
||
| 337 |
_2rdamedia _asin mediación _bn |
||
| 338 |
_2rdacarrier _avolumen _bnc |
||
| 505 | _aIntroducción: Israel y las Naciones / HG May. - Mapas y textos descriptivos. - Palestina: Regiones naturales - Palestina: Vegetación en tiempos bíblicos (mapa) - Palestina: Precipitación media anual (mapa) - Tierras de la Biblia: Relieve - El antiguo Cercano. -- Oriente antes del Éxodo - La tierra de Canaán : Abraham a Moisés -El Éxodo - Israel en Canaán: Josué a Samuel a Saúl - Palestina en los tiempos del Antiguo Testamento (mapa) - La monarquía unida: David y Salomón - Israel y antiguas rutas comerciales - Los reinos de Israel y Judá (c. 926-722 a.C.) - El Imperio Asirio - El reino de Judá después de la Caída de Samaria (722-586 a.C.) - El Imperio Babilónico - Palestina después del Exilio - El Imperio Persa - Jerusalén en la época del Antiguo Testamento - El Período Helenístico: Imperios Ptolemaico y Seleucida - Palestina bajo Herodes (c. 40 a. C.-6 d. C.) - Palestina en Tiempos del Nuevo Testamento (6-70 d.C.) (mapa) - El trasfondo de los Nuevos Testamentos: Roma y Oriente - La cuna del cristianismo: El Mediterráneo oriental - El Cercano Oriente: Sitios arqueológicos - Palestina: Sitios arqueológicos ( mapa) - Jerusalén en los tiempos del Nuevo Testamento - Palestina: Sitios arqueológicos - Arqueología y la Biblia / RW Hamilton. | ||
| 563 | _aTapa dura | ||
| 650 | 1 | 4 | _aGEOGRAFIA BIBLICA - MAPAS |
| 700 |
_94990 _aMay, Herbert G. _eeditor |
||
| 942 | _cBK | ||
| 945 | _aJTF-925 | ||
| 999 |
_c31678 _d31678 |
||